Dil inkılabımızın bugünkü durumu ; Foklor ve psikoloji ; Hayat felsefesi ; Tabiat kanunu fikri ; Türk teamül hukukuna göre Türklerde evlatlık edinme meselesi (Record no. 7177)

MARC details
000 -BAŞLIK
Sabit Uzunlukta Kontrol Alanı 01791na a2200421 4500
001 - KONTROL NUMARASI
Denetim Alanı 16358
003 - KONTROL NUMARASI IDENTIFIER
Denetim Alanı MIRAKIL
005 - SON İŞLEM TARİHİ VE ZAMANI
Denetim Alanı 20181213155130.0
008 - SABİT-BOY VERİ ELEMANLARI - GENEL BİLGİLER
Sabit Uzunlukta Kontrol Alanı 170213b tu 000 0
035 ## - SİSTEM KONTROL NUMARASI
Sistem Kontrol Numarası 16358
040 ## - KATALOGLAMA KAYNAK
Orijinal Kataloglama Ajansı Milas
Kataloglama Dili tur
Metne Dönüştürmek Ajansı TR-AnCHP
041 ## - DİL KODU
Metin / Ses Parça Veya Ayrı Başlığın Dil Kodu tur
082 ## - DEWEY ONLU SINIFLANDIRMA NUMARASI
Sınıflandırma Numarası CHP 324.217207
Ürün Numarası Ö92c 1939
090 ## - SINIFLAMA NUMARASI
Sınıflama Numarası CHP 324.217207 Ö92c 1939
100 ## - ANA GİRİŞ - KİŞİSEL İSİM
Kişisel Ad Özden, Ragıp
222 ## - ANAHTAR ADI
Anahtar Başlık Cumhuriyet Halk Partisi Konferansları
245 ## - BAŞLIK TABLOSU
Başlık Dil inkılabımızın bugünkü durumu ; Foklor ve psikoloji ; Hayat felsefesi ; Tabiat kanunu fikri ; Türk teamül hukukuna göre Türklerde evlatlık edinme meselesi
Sorumluluk Tablosu, Vb Ragıp Özden ; Sabri Esat Siyavuşgil ; Mazhar Şevket İpşir ; Hilmi Ziya Ülker ; Ahmet Caferoğlu
260 ## - YAYIN, DAĞITIM, VB
Yayın, Dağıtım, Vb Yeri Ankara
Yayıncı, Dağıtıcı, Vs Adı CHP
Yayın, Dağıtım, Vb Tarihi 1939
Üretici Firma Recep Ulusoğlu Basımevi
300 ## - FİZİKSEL TANIM
Kapsam 93 s.
Boyutlar 23 sm.
440 ## - SERİSİ TABLOSU / KATMA GİRİŞİ - BAŞLIK
Başlık C.H.P.
Bir İşin Parçası / Bölümün İsmi Konferanslar serisi
Hacim / Ardışık Tanımı 1
500 ## - GENEL NOT
Genel Not Yapıt, yazarların konferans konuşmalarını içermektedir
505 ## - BİÇİMLENDİRİLDİ İÇİNDEKİLER NOT
Biçimlendirilmiş İçeriği Dikkat Dil inkılabımızın bugünkü durumu / Ragıp Özden ; Foklor ve psikoloji/ Sabri Esat Siyavuşgil; Hayat felsefesi / Mazhar Şevket İpşir ; Tabiat kanunu fikri / Himi Ziya Ülker; Türk teamül hukukuna göre Türklerde evlatlık edinme meselesi / Ahmet Caferoğlu
610 ## - KONU KATMA GİRİŞ - TOPLANTI ADI
Giriş Elemanı Olarak Kurumsal Ad Veya Yargı Alanı Adı Cumhuriyet Halk Partisi (CHP)
Genel Alt Bölüm Konferanslar ve seminerler
650 ## - KONU KATMA GİRİŞ - TOPİKAL DÖNEM
Topikal Süreli Veya Coğrafi Ad Giriş Elemanı Felsefe
650 ## - KONU KATMA GİRİŞ - TOPİKAL DÖNEM
Topikal Süreli Veya Coğrafi Ad Giriş Elemanı Folklor
650 ## - KONU KATMA GİRİŞ - TOPİKAL DÖNEM
Topikal Süreli Veya Coğrafi Ad Giriş Elemanı Dil devrimi
700 ## - KATMA GİRİŞ - KİŞİSEL İSİM
Kişisel Ad Caferoğlu, Ahmet
700 ## - KATMA GİRİŞ - KİŞİSEL İSİM
Kişisel Ad Ülker, Hilmi Ziya
700 ## - KATMA GİRİŞ - KİŞİSEL İSİM
Kişisel Ad İpşir, Mazhar Şevket
700 ## - KATMA GİRİŞ - KİŞİSEL İSİM
Kişisel Ad Siyavugil, Sabri Esat
740 ## - KATMA GİRİŞ - KONTROLSUZ İLGİLİ / ANALİTİK BAŞLIK
Kontrol Edilmeyen / İlgili Analitik Başlıktaki Türk teamül hukukuna göre Türklerde evlatlık edinme meselesi
740 ## - KATMA GİRİŞ - KONTROLSUZ İLGİLİ / ANALİTİK BAŞLIK
Kontrol Edilmeyen / İlgili Analitik Başlıktaki Tabiat kanunu fikri
740 ## - KATMA GİRİŞ - KONTROLSUZ İLGİLİ / ANALİTİK BAŞLIK
Kontrol Edilmeyen / İlgili Analitik Başlıktaki Hayat felsefesi
740 ## - KATMA GİRİŞ - KONTROLSUZ İLGİLİ / ANALİTİK BAŞLIK
Kontrol Edilmeyen / İlgili Analitik Başlıktaki Foklor ve psikoloji
830 ## - SERİSİ EKLENDİ GİRİŞ - ÜNİFORM ADI
Üniforma Başlık CHP Yayınları
942 ## - EKLENDİ GİRİŞ ELEMANLARI (KOHA)
Sınıflandırma Veya Raf Düzeni Kaynak Dewey Decimal Classification
Koha Öğesi Türü Books
999 ## - SİSTEM KONTROL NUMARALARI (KOHA)
Koha Biblionumber 7177
Koha Biblioitemnumber 7177
657 ## - INDEX SÜRE - İŞLEVİ
-- CHP konferansları
Holdings
Kalıcı Konum Mevcut Konum Edinme Tarihi Edinim Kaynak Toplam Check-Out'Lar Tam Çağrı Numarası Barkod Tarih Son Görülme İtibaren Geçerli Fiyatlar Koha Öğesi Türü Kopya Sayısı
CHP Kütüphanesi CHP Kütüphanesi 10/04/2016 Bağış   CHP 324.217207 Ö92c 1939 004391 10/04/2016 10/04/2016 Books  
CHP Kütüphanesi CHP Kütüphanesi 10/04/2016 Bağış   CHP 324.217207 Ö92c 1939 004392 10/04/2016 10/04/2016 Books k.2
CHP Kütüphanesi CHP Kütüphanesi 10/04/2016 Bağış   CHP 324.217207 Ö92c 1939 004393 10/04/2016 10/04/2016 Books k.3
CHP Kütüphanesi CHP Kütüphanesi 10/04/2016 Bağış   CHP 324.217207 Ö92c 1939 004394 10/04/2016 10/04/2016 Books k.4
CHP Kütüphanesi CHP Kütüphanesi 10/04/2016 Bağış   CHP 324.217207 Ö92c 1939 004395 10/04/2016 10/04/2016 Books k.5